États des USA selon le quiz « États des États-Unis » - Statistiques

Statistiques générales
  • Ce quiz a été pris 651 fois
  • Le résultat moyen est 15 sur 25
Statistiques - réponses
1ere lettre Pourcentage État % Correct
C 94% Californie
93%
N 91 % New York
84%
N 72% Nevada
79%
A 73% Alabama
72%
A 88% Alaska
71%
G 59% Géorgie
67%
U 60% Utah
67%
H 76% Hawaï
66%
K 57% Kansas
65%
A 64% Arizona
64%
C 61% Colorado
64%
O 65% Ohio
62%
V 47% Vermont
60%
C 77% Caroline du Nord
57%
D 66% Dakota du Sud
55%
M 58% Michigan
53%
N 68% Nouveau Mexique
53%
W 50% Wyoming
53%
I 49% Iowa
52%
P 51% Pennsylvanie
51%
R 40% Rhode Island
46%
V 39% Virginie-Occidentale
45%
M 53% Massachusetts
42%
N 44% New Hampshire
40%
I 56% Ilinois
8%
Aucun quiz correspondant
Distribution des résultats
% des personnes avec chaque résultat
Percentile par nombre de réponses
Votre historique - résultats
Vous n’avez pas pris ce quiz